LDR 01010naa#a2200181#i#450# 001 RU\\bibl\123155 005 20260702011047.4 011 ## _a2686-9896 100 ## _a20260515b2026####ek#y0rusy0150####ca 102 ## _aRU 200 1# _aОБЕСПЕЧЕНИЕ ПОЖАРНОЙ БЕЗОПАСНОСТИ В МНОГОФУНКЦИОНАЛЬНЫХ ЦЕНТРАХ _eЖурнальная статья 210 1# _aАнгарск _cФГБОУ ВО "Ангарский государственный технический университет" _d2026 215 ## _a1 с. 608 ## _aЖурнальная статья _2local 675 ## _aСоциальная гигиена. Организация здравоохранения. Санитария. Защита от несчастных случаев и их предупреждение. Пожарная охрана. 614 _z 700 #1 _aСверкунова _gКсения Ильинична 700 #1 _aКраснова _gАнжела Рашитовна 856 4# _aangtu.editorum.ru _u